000 00724cam a22002413a 4500
001 3626
003 PGUSA
005 20140828083035.0
008 030101s2003||||xxu|||||s|||||000 | eng d
040 _aPGUSA
_beng
042 _adc
050 4 _aE456
100 1 _aLincoln, Abraham,
_d1809-1865
245 1 0 _aWidger's Quotations from the Project Gutenberg Editions of the Works of Abraham Lincoln
_h[electronic resource] /
_cAbraham Lincoln
260 _bProject Gutenberg,
_c2003
506 _aPublic domain in the USA.
516 _aElectronic text
653 _aQuotations
700 1 _aWidger, David,
_d1932-
830 0 _aProject Gutenberg
_v3626
856 4 0 _uhttp://www.gutenberg.org/ebooks/3626
942 _cEB
999 _c232955
_d232955